|
|
|
|
| LEADER |
00000nab a2200000 a 4500 |
| 001 |
vtls000619769 |
| 003 |
SK-MaSNL |
| 005 |
20260302185325.0 |
| 008 |
160401c1997 xo 0 slo |
| 015 |
|
|
|a SNBRB19rr/mm-uuuuu
|
| 035 |
|
|
|a CL0619908
|
| 040 |
|
|
|a SNKBUCL
|b slo
|c SNKBUCL
|e AACR2
|
| 041 |
0 |
|
|a slo
|
| 044 |
|
|
|a xo
|c SK
|
| 080 |
|
|
|a 796.342.093.1
|2 1981
|
| 245 |
0 |
0 |
|a Hrbatý postúpil
|b Košický tenisový Challenger VSŽ Slovak Open '97 pokračoval včera tretím dňom
|
| 650 |
0 |
7 |
|a tenis
|2 snkbucl
|9 3293
|
| 650 |
0 |
7 |
|a Challenger VSŽ Slovak Open 1997, Košice
|2 snkbucl
|9 901742
|
| 655 |
|
7 |
|a články z novín a časopisov
|2 snkbucl
|9 267496
|
| 773 |
0 |
|
|t Šport
|g Roč. 51, č. 110 (15. 5. 1997), s. 4
|
| 850 |
|
|
|a Slovenská národná knižnica v Martine
|a MTA001
|
| 852 |
|
|
|a SNK
|b KIS3GCP
|
| 958 |
|
|
|a RK
|
| 958 |
|
|
|a RBX
|
| 999 |
|
|
|c 1429049
|d 1430979
|